Datafile (Record no. 112739)
[ view plain ]
| 000 -LEADER | |
|---|---|
| fixed length control field | 01111cad a22002055a 4500 |
| 001 - CONTROL NUMBER | |
| control field | L153870 |
| 008 - FIXED-LENGTH DATA ELEMENTS--GENERAL INFORMATION | |
| fixed length control field | 110914s2011 xxk f 000 0 eng d |
| 035 ## - SYSTEM CONTROL NUMBER | |
| System control number | (Sirsi) u153870 |
| 041 0# - LANGUAGE CODE | |
| Language code of text/sound track or separate title | eng |
| 110 2# - MAIN ENTRY--CORPORATE NAME | |
| Corporate name or jurisdiction name as entry element | Davis Langdon |
| 9 (RLIN) | 4649 |
| 245 00 - TITLE STATEMENT | |
| Title | Datafile |
| Remainder of title | cost model |
| Medium | [electronic resource] |
| 260 ## - PUBLICATION, DISTRIBUTION, ETC. | |
| Place of publication, distribution, etc. | London |
| Name of publisher, distributor, etc. | Davis Langdon |
| Date of publication, distribution, etc. | 2011 |
| 520 ## - SUMMARY, ETC. | |
| Summary, etc. | Asks whether PFI (private finance initiative) will be able to deliver to the public sector; reviews the performance of PFI projects and examines how the payment system works, as well as how it may develop in future. PFI development, anatomy of a PFI agreement, anatomy of a PFI unitary charge, do PFI projects deliver value for money? performance of PFI projects - areas for improvement. |
| 590 ## - LOCAL NOTE (RLIN) | |
| Local note | KA |
| 651 #4 - SUBJECT ADDED ENTRY--GEOGRAPHIC NAME | |
| Geographic name | United Kingdom |
| Chronological subdivision | |
| 690 ## - LOCAL SUBJECT ADDED ENTRY--TOPICAL TERM (OCLC, RLIN) | |
| Topical term or geographic name as entry element | BUILT ENVIRONMENT-CONSTRUCTION MARKET |
| 690 ## - LOCAL SUBJECT ADDED ENTRY--TOPICAL TERM (OCLC, RLIN) | |
| Topical term or geographic name as entry element | MANAGEMENT-BUSINESS MANAGEMENT-INFORMATION MANAGEMENT-KNOWLEDGE MANAGEMENT |
| 856 40 - ELECTRONIC LOCATION AND ACCESS | |
| Uniform Resource Identifier | <a href="https://www.davislangdon.com/upload/StaticFiles/EME%20Publications/CostModels/PFI_CM_7Sep01.pdf">https://www.davislangdon.com/upload/StaticFiles/EME%20Publications/CostModels/PFI_CM_7Sep01.pdf</a> |
| Public note | View the report free of charge at www.davislangdon.com |
| 942 ## - ADDED ENTRY ELEMENTS (KOHA) | |
| Suppress in OPAC | 0 |
| Withdrawn status | Lost status | Source of classification or shelving scheme | Damaged status | Not for loan | Home library | Current library | Shelving location | Date acquired | Total Checkouts | Full call number | Barcode | Date last seen | Copy number | Price effective from | Koha item type |
|---|---|---|---|---|---|---|---|---|---|---|---|---|---|---|---|
| Dewey Decimal Classification | Virtual | Virtual | Online | 14/09/2011 | ONLINE PUBLICATION | 153870-2001 | 06/08/2019 | 1 | 06/08/2019 | Book |